| 000 | 00494nam a2200157 a 4500 | ||
|---|---|---|---|
| 005 | 20140412111236.0 | ||
| 008 | 001117s19uu xx 00 eng d | ||
| 020 | _a0-8445-3134-0 | ||
| 050 |
_aTR(GS 428.6 _bELL L.6 |
||
| 100 | _aEller, William | ||
| 245 |
_aPink pumpkins : _bLaidlaw reading program, level 6 / _cWilliam Eller, Kathleen B. Hester. |
||
| 260 |
_aRiver Forest, Ill : _bLaidlaw Brothers, _c1980. |
||
| 300 | _a128 p. | ||
| 650 | _aReading -- study and teaching | ||
| 999 |
_c102458 _d102458 |
||